| 000 | 00738nam a2200205 a 4500 | ||
|---|---|---|---|
| 003 | 0 | ||
| 005 | 20250215094128.0 | ||
| 008 | 130828s19uu xx 00 eng d | ||
| 050 |
_aPGS HQ 1075 _b.C922 2013 |
||
| 100 | _aCresswell, Brian George D. | ||
| 245 |
_aGender and reading skills / _cBrian George D. Cresswell. |
||
| 260 |
_aLas Piñas City, Philippines : _bSouthville International School and Colleges, _c2013. |
||
| 300 |
_a24 pages : _billustrations ; _c28 cm. |
||
| 504 | _aIncludes bibliographical references. | ||
| 650 |
_aReading _vSex differences. |
||
| 650 |
_aReading ability _vGender differences. |
||
| 650 |
_aBoys _vEducation—Reading skills . |
||
| 650 |
_aGirls _vEducation—Reading skills. |
||
| 942 |
_2lcc _cPASS |
||
| 999 |
_c98994 _d98994 |
||